000 00518cam a2200181 4500
001 D8628
008 090401t1970 xxu||||| |||| 00| 0 eng d
035 _a(Sirsi) u14243
041 _aeng
050 _a693.893
100 _aSeiffert, Karl
245 _aDamp diffusion and buildings: prevention of damp diffusion damage in building design. Translated by A.B.Phillips and F.H.Turner
260 _aBarking, Essex
_bElsevier
_c1970
300 _ax. 209p. 26cm
350 _a5.1
942 _n0
948 _c04/03/1997
999 _c87162
_d87162